000 01092nac a22003017a 4500
001 BR8303330
003 BR-BrBNA
005 20240105115749.0
008 230509b bl.|||m| |||| 00| 0 por d
040 _aBR-BrBNA
_bpor
_cBiblioteca Nacional de Agricultura
072 _aH10
090 _a0336 BR8303330
100 1 _aMoeda, S.
100 1 _aRoman, E.S.
110 1 _aUnidade de Execucao de Pesquisa de Ambito Estadual de Porto Velho, RO (Brasil)
_910373
245 1 _aInfluencia da aplicacao de calcario sobre a ocorrencia da lagarta elasmo (Elasmopalpus lignosellus Zeller, 1848)na cultura da soja em area de Cerrados de Rondonia [Glycine max., Brasil]
260 3 _aPorto Velho, RO (Brasil):
_c1983.
300 _a3 p.
490 _aComunicado Tecnico - Unidade de Execucao de Pesquisa de Ambito Estadual de Porto Velho (Brazil)
_vno. 23
_xISSN 0100-8765
650 _aLAGARTA DO COLO
650 _aSOJA
650 _aCALCARIO
650 _aSOLO
650 _aCERRADO
650 _aRONDONIA
909 _a202312
_bLúcia Elande
_c55
_dLúcia Elande
942 _2AGRIS
_n0
_cMS
999 _c276282
_d276282